| Поле | Инд. | ПП | Название | Значение |
|---|---|---|---|---|
| Тип записи | a | |||
| Библиографический уровень | b | |||
| 001 | Контрольный номер | RU/IS/BASE/375893988 | ||
| 005 | Дата корректировки | 20200629065923.2 | ||
| 008 | Кодируемые данные | 20111129 | ||
| 084 | a | Индекс другой классификации/Индекс ББК | 65.433-21 | |
| 100 | 1_ | a | Автор | Баранова А. Ю. |
| q | Полное имя | Баранова Алла Юрьевна | ||
| 245 | a | Заглавие | Проблемы инфраструктурного обеспечения индустрии гостеприимства в муниципальных образованиях туристско-рекреационной специализации | |
| 500 | a | Примечание | Аннотация статьи на английском языке: с. 187 | |
| 504 | a | Библиография | Лит. | |
| 520 | a | Аннотация | Индустрия гостеприимства - это межотраслевой комплекс, специализирующийся на обслуживании туристов. Местные органы власти курортов особое внимание уделяют развитию данного сектора экономики в целях привлечения как можно большего числа туристов, ставя в качестве первоочередной задачи создание соответствующей инфраструктуры. | |
| 650 | a | Основная рубрика | индустрия гостеприимства и туризма | |
| a | Основная рубрика | менеджмент (управление предприятием) | ||
| a | Основная рубрика | экономика | ||
| a | Основная рубрика | экономика туризма | ||
| 653 | a | Ключевые слова | инфраструктура туризма | |
| a | Ключевые слова | Краснодарский край | ||
| a | Ключевые слова | курорт | ||
| a | Ключевые слова | муниципальные образования | ||
| a | Ключевые слова | регионы России | ||
| a | Ключевые слова | Россия | ||
| a | Ключевые слова | Сочи | ||
| a | Ключевые слова | туризм | ||
| a | Ключевые слова | туристические услуги | ||
| a | Ключевые слова | туристско-рекреационные районы | ||
| a | Ключевые слова | управление туризмом | ||
| 773 | t | Заглавие источника | Вопросы государственного и муниципального управления | |
| d | Дата издания источника | 2011 | ||
| g | Прочая информация | № 3. - С. 168 - 179 : диагр., табл., граф. | ||
| w | Контрольный № источника | RU/IS/BASE/374262434 | ||
| 901 | t | Тип документа | b |